It looks like you're offline.
Open Library logo
additional options menu

MARC record from Internet Archive

LEADER: 01010nam^^22002771^^4500
001 GLAD84146269-B
005 20020514193724.0
008 880510s1914 cau 00010 eng
010 $a15001903//r78
035 $aocm04530172 19880428 TAPE OCLC9631: 1836
040 $aDLC$cDLC$dRQE
043 $an-us---
050 0 $aKF1806$b1914
100 10 $aWilson, Calvert,$db. 1867.
245 10 $aWilson's mining laws, United States, Arizona, California, Oregon, Nevada and Utah, including laws to locate oil lands;$bannotated, and with forms.
250 $a6th ed.$bComp. by Calvert Wilson ...
260 0 $aLos Angeles, Cal.,$bBaumgardt publishing co.,$c1914.
300 $a200 p.$c22 cm.
350 $a$0.50
500 $aIncludes advertisements.
650 0 $aMining law$zUnited States.
752 $aUnited States$bCalifornia$dLos Angeles$9(1914)
852 $aGLAD$bMAIN$hTN223$i.W5 1914
852 $aGLAD$bBANC$jF591.24.W5.1914
852 $aGLAD$bNRLF$hTN223$iW5 1914$p$B 79 780
901 $aGLAD$b84146269